Ginástica escolar especial (Record no. 143700)

MARC details
000 -LÍDER
campo de controle de tamanho fixo 00547 a2200181 4500
001 - NÚMERO DE CONTROLE
campo de controle 143700
040 ## - FONTE DA CATALOGAÇÃO
Instituição que transcreveu o registro Leonardo Da Vinci
041 ## - CÓDIGO DE IDIOMA
Código do idioma do texto/trilha sonora ou título diferente Português
082 ## - CDD - CLASSIFICAÇÃO DECIMAL DE DEWEY
Número de Classificação 796.44 D561g
Número do exemplar D561g
100 ## - ENTRADA PRINCIPAL--NOME PESSOAL
Nome pessoal DIEM, L
-- SCHOLTZEMETHNER, R
245 ## - TÍTULO
Título Ginástica escolar especial
260 ## - PUBLICAÇÃO, DISTRIBUIÇÃO, ETC.
Nome do editor, distribuidor, etc. Entrelivros Cultural
Data da publicação, distribuição, etc. 1978
Local de publicação, distribuição, etc. Rio de Janeiro
300 ## - DESCRIÇÃO FÍSICA
Extensão 95
362 ## - DATAS DE PUBLICAÇÃO E/OU DESIGNAÇÃO SEQUENCIAL
Datas de publicação e/ou designação sequencial 19780000
500 ## - NOTA GERAL
Nota geral Tradução de Astrid Schiwalm
697 ## - ENTRADA DE ASSUNTO LOCAL--ENTIDADE COLETIVA (RLIN)
Nome corporativo ou nome da jurisdição Educação Física
-- Ensino
-- Esportes
-- Ginástica escolar
-- Coordenação Motora
-- Deficiência muscular
942 ## - ELEMENTOS DE ENTRADA ADICIONADOS (KOHA)
Tipo de material Koha Livros
Holdings
Situação do descarte Situação das perdas Situação física Não pode ser emprestado Biblioteca de origem Biblioteca atual Data de aquisição Total de empréstimos Número de chamada completo Código de barras Data de último acesso Data do preço efetivo Tipo de material Koha
        Leonardo Da Vinci - Osasco Leonardo Da Vinci - Osasco 27/03/2024   796.44 D561g O011733 27/03/2024 27/03/2024 Livros